Algal culture: From laboratory to pilot plant. (Record no. 28618)

MARC details
000 -LEADER
fixed length control field 00342nam a2200121Ia 4500
082 ## - DEWEY DECIMAL CLASSIFICATION NUMBER
Classification number 582.26
Item number BUR
245 #0 - TITLE STATEMENT
Title Algal culture: From laboratory to pilot plant.
260 ## - PUBLICATION, DISTRIBUTION, ETC. (IMPRINT)
Place of publication Washington
Name of publisher Institute of Washington Pubn
Year of publication 1953
650 ## - SUBJECT ADDED ENTRY--TOPICAL TERM
Topical Term Algal culture
700 ## - ADDED ENTRY--PERSONAL NAME
Personal name BURLEW, John S
942 ## - ADDED ENTRY ELEMENTS (KOHA)
Koha item type Books
Holdings
Withdrawn status Lost status Damaged status Not for loan Home library Current library Date acquired Full call number Accession Number Koha item type
        RRII Library RRII Library 16/12/2021 582.26 BUR 09217 Books